| 000 | 01290nas a2200241 454500 | ||
|---|---|---|---|
| 001 | 18278 | ||
| 005 | 20260407193505.0 | ||
| 008 | 260407s1968####ag###########|||spa#d | ||
| 003 | AR-UNSa-BCEJYS | ||
| 040 |
_aAR-UNSa-BCEJYS _bspa _cAR-UNSa-BCEJYS |
||
| 080 |
_a338.1 _xSituación económica. Ciclos. Desarrollo de la estructura económica |
||
| 245 | 1 | 0 | _aInforme económico |
| 022 | _a0327-7275 | ||
| 264 | 1 |
_aBuenos Aires : _bMinisterio de Economía y Trabajo _c1968 |
|
| 310 | _aFrecuencia: Trimestral A partir del año 1971 el editor varía por: Ministerio de Hacienda y Finanzas A partir del año 1973 el editor varía por: Ministerio de Economía A partir del año 1992 el editor varía por: Ministerio de Economía y Obras y Servicios Públicos A partir del año 1999 el editor varía por: Ministerio de Economía A partir del año 2005 el editor varía por: Ministerio de Economía y Producción A partir del año el título varía por: | ||
| 942 | _cSER | ||
| 590 | _aniveau_biblio:s niveau_hierar:1 | ||
| 100 | 1 | _aArgentina. Ministerio de Economía y Trabajo | |
| 650 | _aCondiciones económicas | ||
| 650 | _aDatos estadísticos | ||
| 650 | _aECONOMIA | ||
| 856 | 4 | 1 |
_uhttps://biblioeco.unsa.edu.ar/pmb/images/revistas/Informe Economico.jpg _yImagen de portada _qimage/jpeg |
| 999 |
_c8499 _d8499 |
||